Dettagli MARC
| 000 -LEADER |
| fixed length control field |
05855njm a2200613Ia 4500 |
| 001 - CONTROL NUMBER |
| control field |
25708 |
| 003 - CONTROL NUMBER IDENTIFIER |
| control field |
IT-RoPAU |
| 005 - DATE AND TIME OF LATEST TRANSACTION |
| control field |
20220918181124.0 |
| 008 - FIXED-LENGTH DATA ELEMENTS--GENERAL INFORMATION |
| fixed length control field |
131025s9999 xx 000 0 und d |
| 040 ## - CATALOGING SOURCE |
| Original cataloging agency |
IT-RoPAU |
| 040 ## - CATALOGING SOURCE |
| Transcribing agency |
IT-RoPAU |
| 999 ## - SYSTEM CONTROL NUMBERS (KOHA) |
| Koha Dewey Subclass [OBSOLETE] |
n.d. |
| 100 ## - MAIN ENTRY--PERSONAL NAME |
| Personal name |
AA.VV. |
| 9 (RLIN) |
794 |
| 100 ## - MAIN ENTRY--PERSONAL NAME |
| Relator term |
Autore musica |
| 9 (RLIN) |
14074 |
| 100 ## - MAIN ENTRY--PERSONAL NAME |
| Miscellaneous information |
Codice autore musica SPICS: 12000 |
| 9 (RLIN) |
796 |
| 245 ## - TITLE STATEMENT |
| Title |
Leggendario Bix Beiderbecke (Il) |
| 250 ## - EDITION STATEMENT |
| Edition statement |
2a ed. |
| 260 ## - PUBLICATION, DISTRIBUTION, ETC. (IMPRINT) |
| Place of publication, distribution, etc. |
MILANO |
| 260 ## - PUBLICATION, DISTRIBUTION, ETC. (IMPRINT) |
| Name of publisher, distributor, etc. |
RUSCONI |
| Date of publication, distribution, etc. |
1985 [1a Ed.:] |
| 300 ## - PHYSICAL DESCRIPTION |
| Extent |
DISCO |
| 300 ## - PHYSICAL DESCRIPTION |
| Dimensions |
38 minuti (Testo: pag.) |
| 500 ## - GENERAL NOTE |
| General note |
Musica jazz. Disco fuori commercio allegato al n. 2 1985 della rivista "Musica jazz" |
| 505 ## - FORMATTED CONTENTS NOTE |
| Formatted contents note |
Copenhagen (3:00) - Riverboat Shuffle [(Richmond, Indiana, 6 maggio 1924) (3:00)] - Davenport Blues [(Richmond, 26 gennaio 1925) (3:00)] - At the Jazz Band Ball [(New York, 5 ottobre 1927) (3:00)] - In the Dark [(Chicago, 16 novembre 1935) (Stacy Jess) (2:00)] - Jazz Me Blues [(New York, 5 ottobre 1927) (4:00)] - I'm Coming Virginia [(New York, 13 maggio 1927) (4:00)] - Singin' the Blues [(New York, 4 febbraio 1927) (3:00)] - In a Mist [(New York, 9 settembre 1927) (3:00)] - For No Reason At All In C [(New York, 13 maggio 1927) (4:00)] - Crying All Day [(New York, 25 ottobre 1927) (4:00)] - Changes [(Chicago, 23 novembre 1927) (2:00)] - From Monday On [(New York, 13 febbraio 1928) (4:00)] - I'll Be a Friend With Pleasure [(New York, 8 settembre 1930) (4:00)] |
| 511 ## - PARTICIPANT OR PERFORMER NOTE |
| Participant or performer note |
Wolverine Orchestra |
| 511 ## - PARTICIPANT OR PERFORMER NOTE |
| Participant or performer note |
Beiderbecke Bix: corn; Hartwell Jimmy: cl, alto; Johnson George: ten; Voynow Dick: p; Gillette Bob: bjo, chit; Leibrook Min: tuba; Moore Vic: batt; Wolverine Orchestra |
| 511 ## - PARTICIPANT OR PERFORMER NOTE |
| Participant or performer note |
Beiderbecke Bix: corn; Dorsey Tommy: trne; Murray Don: cl; Mertz Paul: p; Quicksell Frank: p; Gargano Tom: batt; Bix and his Rhythm Jugglers |
| 511 ## - PARTICIPANT OR PERFORMER NOTE |
| Participant or performer note |
Beiderbecke Bix: corn; Rank Bill: trne; Murray Don: cl; Rollini Adrian: sax; Bassosignorelli Frank: p; Morehouse Chauncey: batt; Bix Beiderbecke and his Gang |
| 511 ## - PARTICIPANT OR PERFORMER NOTE |
| Participant or performer note |
Jess Stacy: p solo |
| 511 ## - PARTICIPANT OR PERFORMER NOTE |
| Participant or performer note |
Beiderbecke Bix: corn; Rank Bill: trne; Murray Don: cl; Trumbauer Frankie: sax Ryker Doc: sax; Riskin Irving: p; Lang Eddie: chit; Morehouse Chauncey: batt; Frankie Trumbauer and his Orchestra |
| 511 ## - PARTICIPANT OR PERFORMER NOTE |
| Participant or performer note |
Beiderbecke Bix: corn; Rank Bill: trne; Dorsey Jimmy: cl, alto; Trumbauer Frankie: sax; Ryker Doc: sax; Mertz Paul: p; Lang Eddie: chit; Morehouse Chauncey: batt; Frankie Trumbauer and his Orchestra |
| 511 ## - PARTICIPANT OR PERFORMER NOTE |
| Participant or performer note |
Bix Beiderbecke: pianoforte solo |
| 511 ## - PARTICIPANT OR PERFORMER NOTE |
| Participant or performer note |
Beiderbecke Bix: corn, p; Trumbauer Frankie: sax; Lang Eddie: chit |
| 511 ## - PARTICIPANT OR PERFORMER NOTE |
| Participant or performer note |
Beiderbecke Bix: corn; Rank Bill: trne; Russell Pee Wee: cl, sax; Murray Don: cl, sax; Trumbauer Frankie: sax; Rollini Adrian: sax; Signorelli Frank: p; Venuti Joe: viol; Lang Eddie: chit; Morehouse Chauncey; batt; Frankie Trumbauer and his Orchestra |
| 511 ## - PARTICIPANT OR PERFORMER NOTE |
| Participant or performer note |
Busse Henry: tr; Margulis Charles: tr; Beiderbecke Bix: corn; Hall Wilbur: trni; Dorsey Tommy: trni; Dorsey Jimmy: sax; Mayhew Nye: sax; Strickfadem Charles: sax; Trumbauer Frankie: sax; Hazlett Chet: sax; McLean Hal: sax; Dieterle Kurt: viol; Russell Mischa: viol; Malneck Matty: viol; Perry Mario: viol; Perella Harry: p; Pingitore Mike: bjo; Brown Steve: cb, tuba; Trafficante Mike: cb, tuba; McDonald Hal: batt; Crosby Bing: voce; Fulton John: voce; Gaylord Charles: voce; Barris Harry: voce; Rinker Al: voce; Challis Bill: arr; Paul Whiteman and his Orchestra |
| 511 ## - PARTICIPANT OR PERFORMER NOTE |
| Participant or performer note |
Margulis Charles: tr; Beiderbecke Bix: corn; Rank Bill: trne; Hazlet Chet: sax; Mayer Red: sax; Trumbauer Frankie: sax; Friedman Irving: sax; Strickfaden Charles: sax; Dieterle Kurt: viol; Russell Mischa: viol; Malneck Matty: viol; Barris Harry: p; Pingitore Mike: bjo; Leibrook Min: tuba; McDonald Hal: batt; Crosby Bing: voce; Rinker Al: voce; Gaylord Charles: voce; Young Austin: voce; Fulton Jack: voce; Malneck Matty: arr; Paul Whiteman and his Orchestra |
| 511 ## - PARTICIPANT OR PERFORMER NOTE |
| Participant or performer note |
Lodwig Ray: tr; Beiderbecke Bix: corn; Cullen Boyce: trne; Goodman Benny: cl, alto; Dorsey Jimmy: sax; Russell Pee Wee: sax; Freeman Bud: sax; Brosky Irving: p; Leibrook Min: cb; Krupa Gene: batt; Vaughan Wes: voce; Bix Beiderbecke and his Orchestra |
| 650 ## - SUBJECT ADDED ENTRY--TOPICAL TERM |
| Topical term or geographic name as entry element |
JAZZ [DISCHI] |
| Relator term |
Codice MATERIA SPICS: 9950 |
| 9 (RLIN) |
14075 |
| 700 ## - ADDED ENTRY--PERSONAL NAME |
| Personal name |
Beiderbecke Bix |
| Miscellaneous information |
Codice interprete SPICS: 11520 |
| Relator term |
Interprete |
| 9 (RLIN) |
14076 |
| 700 ## - ADDED ENTRY--PERSONAL NAME |
| Personal name |
Davis Charlie |
| Miscellaneous information |
Codice autore musica SPICS: 27895 |
| Relator term |
Autore musica |
| Name of part/section of a work |
Copenhagen |
| 9 (RLIN) |
14077 |
| 700 ## - ADDED ENTRY--PERSONAL NAME |
| Personal name |
Carmichael Hoagy |
| Miscellaneous information |
Codice autore musica SPICS: 10736 |
| Relator term |
Autore musica |
| Name of part/section of a work |
Riverboat Shuffle |
| 9 (RLIN) |
14078 |
| 700 ## - ADDED ENTRY--PERSONAL NAME |
| Personal name |
Beiderbecke Bix |
| Miscellaneous information |
Codice autore musica SPICS: 11520 |
| Relator term |
Autore musica |
| Name of part/section of a work |
Davenport Blues - In the Dark - In a Mist - For No Reason At All In C |
| 9 (RLIN) |
14079 |
| 700 ## - ADDED ENTRY--PERSONAL NAME |
| Personal name |
La Rocca Nick |
| Miscellaneous information |
Codice autore musica SPICS: 16322 |
| Relator term |
Autore musica |
| Name of part/section of a work |
At the Jazz Band Ball |
| 9 (RLIN) |
14080 |
| 700 ## - ADDED ENTRY--PERSONAL NAME |
| Personal name |
Shields Larry |
| Miscellaneous information |
Codice autore SPICS: 16321 |
| Relator term |
Autore |
| Name of part/section of a work |
At the Jazz Band Ball |
| 9 (RLIN) |
14081 |
| 700 ## - ADDED ENTRY--PERSONAL NAME |
| Personal name |
Delaney Tom |
| Miscellaneous information |
Codice autore musica SPICS: 18861 |
| Relator term |
Autore musica |
| Name of part/section of a work |
Jazz Me Blues |
| 9 (RLIN) |
14082 |
| 700 ## - ADDED ENTRY--PERSONAL NAME |
| Personal name |
Heywood |
| Miscellaneous information |
Codice autore musica SPICS: 14388 |
| Relator term |
Autore musica |
| Name of part/section of a work |
I'm Coming Virginia |
| 9 (RLIN) |
14083 |
| 700 ## - ADDED ENTRY--PERSONAL NAME |
| Personal name |
Robinson |
| Miscellaneous information |
Codice autore musica SPICS: 19976 |
| Relator term |
Autore musica |
| Name of part/section of a work |
Singin' the Blues |
| 9 (RLIN) |
14084 |
| 700 ## - ADDED ENTRY--PERSONAL NAME |
| Personal name |
Conrad |
| Miscellaneous information |
Codice autore SPICS: 19975 |
| Relator term |
Autore |
| Name of part/section of a work |
Singin' the Blues |
| 9 (RLIN) |
14085 |
| 700 ## - ADDED ENTRY--PERSONAL NAME |
| Personal name |
Trumbauer Frankie |
| Miscellaneous information |
Codice autore musica SPICS: 16345 |
| Relator term |
Autore musica |
| Name of part/section of a work |
For No Reason At All In C - Crying All Day |
| 9 (RLIN) |
14086 |
| 700 ## - ADDED ENTRY--PERSONAL NAME |
| Personal name |
Donaldson |
| Miscellaneous information |
Codice autore musica SPICS: 14426 |
| Relator term |
Autore musica |
| Name of part/section of a work |
Changes |
| 9 (RLIN) |
14087 |
| 700 ## - ADDED ENTRY--PERSONAL NAME |
| Personal name |
Barris Harry |
| Miscellaneous information |
Codice autore musica SPICS: 18863 |
| Relator term |
Autore musica |
| Name of part/section of a work |
From Monday On |
| 9 (RLIN) |
14088 |
| 700 ## - ADDED ENTRY--PERSONAL NAME |
| Personal name |
Crosby David |
| Miscellaneous information |
Codice autore SPICS: 18948 |
| Relator term |
Autore |
| Name of part/section of a work |
From Monday On |
| 9 (RLIN) |
14089 |
| 700 ## - ADDED ENTRY--PERSONAL NAME |
| Personal name |
Pinkard Maceo |
| Miscellaneous information |
Codice autore musica SPICS: 16174 |
| Relator term |
Autore musica |
| Name of part/section of a work |
I'll Be a Friend With Pleasure |
| 9 (RLIN) |
14090 |
| 942 ## - ADDED ENTRY ELEMENTS (KOHA) |
| Koha item type |
DISCHI |
| Source of classification or shelving scheme |
Dewey Decimal Classification |